Online
Catalog

Á punto largo / (Record no. 31926)

MARC details
000 -CABECERA
campo de control de longitud fija 00740nam a2200217 a 4500
001 - NÚMERO DE CONTROL
campo de control 000032435
003 - IDENTIFICADOR DEL NÚMERO DE CONTROL
campo de control OSt
005 - FECHA Y HORA DE LA ÚLTIMA TRANSACCIÓN
campo de control 20240304171404.0
008 - DATOS DE LONGITUD FIJA--INFORMACIÓN GENERAL
campo de control de longitud fija 110718s1901 fr c 000 0 spa d
040 ## - FUENTE DE LA CATALOGACIÓN
Centro catalogador/agencia de origen DO-SdBNP
Lengua de catalogación spa
Centro/agencia transcriptor BNPHU
082 #4 - NÚMERO DE LA CLASIFICACIÓN DECIMAL DEWEY
Número de clasificación 972.93
Número de documento/Ítem L951p
Número de edición 22
100 1# - ENTRADA PRINCIPAL--NOMBRE DE PERSONA
Nombre de persona Lugo, Américo
Fechas asociadas al nombre 1870-1952
9 (RLIN) 81550
245 10 - MENCIÓN DE TÍTULO
Título Á punto largo /
Mención de responsabilidad, etc. Américo Lugo ; estudio crítico Miguel A. Garrido.
260 ## - PUBLICACIÓN, DISTRIBUCIÓN, ETC.
Lugar de publicación, distribución, etc. París :
Nombre del editor, distribuidor, etc. Librería Paul Ollendorff,
Fecha de publicación, distribución, etc. [1901?].
300 ## - DESCRIPCIÓN FÍSICA
Extensión 254 p. :
Otras características físicas retr. ;
Dimensiones 19 cm.
651 #4 - PUNTO DE ACCESO ADICIONAL DE MATERIA--NOMBRE GEOGRÁFICO
Nombre geográfico República Dominicana
Subdivisión general Política y gobierno
-- Historia
9 (RLIN) 1212
651 #4 - PUNTO DE ACCESO ADICIONAL DE MATERIA--NOMBRE GEOGRÁFICO
Nombre geográfico Cuba
Subdivisión general Politica y gobierno
-- Historia
9 (RLIN) 77037
700 1# - PUNTO DE ACCESO ADICIONAL--NOMBRE DE PERSONA
Nombre de persona Garrido, Miguel A.
9 (RLIN) 58396
910 ## - DATOS DE OPCIÓN DEL USUARIO (OCLC)
Datos de opción del usuario Validado. Control de calidad MFF
942 ## - ELEMENTOS DE PUNTO DE ACCESO ADICIONAL (KOHA)
Fuente del sistema de clasificación o colocación Dewey Decimal Classification
Tipo de ítem Koha Libro
Holdings
Estado de retiro Estado de pérdida Fuente del sistema de clasificación o colocación Restricciones de uso No para préstamo Código de colección Localización permanente Ubicación/localización actual Ubicación en estantería Fecha de adquisición Número de inventario Total de préstamos Signatura topográfica completa Código de barras Fecha visto por última vez Precio válido a partir de Tipo de ítem Koha Nota pública Número de copia
    Dewey Decimal Classification Excluido de préstamo Excluido de préstamo Raros y valiosos Biblioteca Nacional Pedro Henríquez Ureña Patrimonio Dominicano Depósito 18.07.2011 LF1   BNPHU PD RV 972.93 L951p 32435-10 25.06.2020 25.06.2020 No se presta Perteneció a la biblioteca personal de Martínez Boog  
    Dewey Decimal Classification Excluido de préstamo Préstamo restrigido Raros y valiosos Biblioteca Nacional Pedro Henríquez Ureña Patrimonio Dominicano Depósito 16.11.2020     BNPHU PD RV 972.93 L951p 2020-0491 16.11.2020 16.11.2020 Libro Perteneció a la biblioteca personal de F. Henríquez y Carvajal e.2

Powered by Koha